countries by domain name - Statistics

General Stats
  • This quiz has been taken 1,613 times
  • The average score is 13 of 21
Answer Stats
Domain name Answer % Correct
.fr France
99%
.au Australia
98%
.jp Japan
98%
.ca Canada
93%
.in India
87%
.tv Tuvalu
82%
.uz Uzbekistan
80%
.gr Greece
77%
.ie Ireland
73%
.tz Tanzania
68%
.ki Kiribati
58%
.pe Peru
56%
.id Indonesia
55%
.za South Africa
48%
.pa Panama
46%
.ee Estonia
44%
.se Sweden
42%
.ml Mali
36%
.cl Chile
32%
.sa Saudi Arabia
32%
.mn Mongolia
28%
No matching quizzes found
Score Distribution
Percent of People with Each Score
Percentile by Number Answered
Your Score History
You have not taken this quiz